| 000 | 00525nam a22001697a 4500 | ||
|---|---|---|---|
| 005 | 20251108165153.0 | ||
| 008 | 250721s1984 xx 000 0 ara d | ||
| 082 | 1 | 4 | _a907.202/حجر |
| 100 | 1 | _aعز الدين، محمد كمال الدين | |
| 245 | 1 | 0 | _aالتاريخ و المنهج التاريخي لإبن حجر العسقلاني / |
| 264 | 1 |
_aبيروت : _bدار إقرأ، _c1984. |
|
| 300 | _a560ص | ||
| 650 | 1 | 7 | _aعلم التاريخ |
| 650 | 1 | 7 | _aالتاريخ |
| 942 |
_2ddc _cBK |
||
| 999 |
_c21197 _d21197 |
||